|
|
|
|
| LEADER |
00825nam a22002412a 4500 |
| 001 |
000952492 |
| 003 |
CZ BrMZK |
| 005 |
20210406112031.0 |
| 007 |
ta |
| 008 |
090702s1965 ru er|||||||||||rus d |
| 040 |
|
|
|a BOA001
|b cze
|
| 041 |
1 |
|
|a rus
|h eng
|
| 100 |
1 |
|
|a Kramer, Samuel Noah,
|d 1897-1990
|7 kup19970000052124
|4 aut
|
| 245 |
1 |
0 |
|a Istorija načinajetsja v Šumere /
|c Samuel Noah Kramer ; perevod. pod red. i s predislov. V.V. Struve
|
| 260 |
|
|
|a Moskva :
|b Nauka,
|c 1965
|
| 300 |
|
|
|a 254 s.
|
| 504 |
|
|
|a Obsahuje bibliografii
|
| 700 |
1 |
|
|a Struve, Vasilij Vasil‘jevič,
|d 1889-1965
|7 jo20181000936
|4 edt
|4 trl
|
| 765 |
0 |
|
|t History begins at Sumer
|9 Rusky
|
| 910 |
|
|
|a BOA001
|b 1-0550.387
|
| 990 |
|
|
|a BK
|
| 991 |
|
|
|b 200907
|
| 996 |
7 |
|
|b 2619464356
|c 1-0550.387
|l MZK
|r Sklad / do 1 hodiny
|n 0
|w 001084329
|u 000010
|a 1
|e BOA001
|j MZK50
|s A
|